Statistics for New York City Trivia #1

Click here to take the quiz!

General Stats

  • This quiz has been taken 31,715 times
    (18,508 since last reset)
  • The average score is 10 of 20

Answer Stats

QuestionAnswer% Correct
What is the most common nickname of New York City?The Big {Apple}
99%
What country gave the Statue of Liberty to the United States?France
98%
What's the tallest building in New York?One World Trade Center
71%
What is New York City's largest train station?Grand Central Terminal
67%
Who was mayor before that?Rudy Giuliani
61%
Where do the Rockettes usually perform?{Radio} {City} Music Hall
54%
What is the name of New York City's largest zoo?{Bronx} Zoo
52%
What is located on Broadway between 42nd and 47th streets?Times Square
51%
What art museum was designed by Frank Lloyd Wright?Guggenheim
50%
Who was mayor from 2002 to 2013?Michael Bloomberg
49%
What musical, written by Andrew Lloyd Webber, is the longest-running
Broadway production of all-time?
Phantom of the Opera
49%
What was serial killer David Berkowitz better known as?Son of {Sam}
48%
Which two Presidents were born in New York City?Donald Trump
45%
What happened on July 13-14, 1977 - causing widespread looting?a Blackout
40%
Which two Presidents were born in New York City?Theodore Roosevelt
39%
What 1920s literary movement were Langston Hughes and W.E.B. DuBois a part of ?{Harlem} Renaissance
37%
Who wrote the song "New York State of Mind"?Billy Joel
33%
What, according to New Yorkers, makes their pizza and bagels taste so good?New York Water
32%
What is the height of that building (in feet)?1776
29%
What theory of policing is often credited with dramatically reducing the crime rate?{Broken} Windows
23%

Score Distribution

Percentile by Number Answered

Percent of People with Each Score

Your Score History

You have not taken this quiz since the last reset